The Indian media business / (Record no. 35401)

MARC details
000 -LEADER
fixed length control field 02042cam a2200349 a 4500
005 - DATE AND TIME OF LATEST TRANSACTION
control field 20060815203120.0
008 - FIXED-LENGTH DATA ELEMENTS--GENERAL INFORMATION
fixed length control field 030812s2003 ii a b 001 0 eng
010 ## - LCCN (DPL NO)
LC control number ENG-95320 B-430912-915
020 ## - INTERNATIONAL STANDARD BOOK NUMBER
International Standard Book Number 9788132102359
Terms of availability 495.00
035 ## - SYSTEM CONTROL NUMBER
System control number EN-78853 B-430912-915
037 ## - SOURCE OF ACQUISITION
Source of stock number/acquisition DBAD/PUB
037 ## - SOURCE OF ACQUISITION
Source of stock number/acquisition Allied Pub/Ven
040 ## - CATALOGING SOURCE
Original cataloging agency DPL
082 ## - DEWEY DECIMAL CLASSIFICATION NUMBER
Classification number 302.23/0954
Edition number 22
100 ## - MAIN ENTRY--PERSONAL NAME
Personal name Kohli, Vanita.
9 (RLIN) 28327
245 ## - TITLE STATEMENT
Title The Indian media business /
Statement of responsibility, etc by Vanita Kohli and Sreekant Khandekar
250 ## - EDITION STATEMENT
Edition statement 3rd ed.
260 ## - PUBLICATION, DISTRIBUTION, ETC. (IMPRINT)
Place of publication, distribution, etc New Delhi ;
Name of publisher, distributor, etc Sage,
Date of publication, distribution, etc c2003.
270 ## - ADDRESS
Address BI/I-I Mohan Cooperative Industrial Area, Mathura Road
City New Delhi
Postal code 110044
300 ## - PHYSICAL DESCRIPTION
Extent xiv, 258 p. :
Other physical details ill. ;
Dimensions 23 cm.
500 ## - GENERAL NOTE
General note Includes bibliographical references (p. [240]-244) and index.
505 ## - FORMATTED CONTENTS NOTE
Formatted contents note 1. Press -- 2. Television -- 3. Films -- 4. Music -- 5. Radio.
650 ## - SUBJECT ADDED ENTRY--TOPICAL TERM
Topical term or geographic name as entry element Mass media
Geographic subdivision India.
9 (RLIN) 28328
700 ## - ADDED ENTRY--PERSONAL NAME
Personal name Khandekar, Sreekant
9 (RLIN) 28329
942 ## - ADDED ENTRY ELEMENTS (KOHA)
Source of classification or shelving scheme Dewey Decimal Classification
Item type English Books
Classification part 302.23/0954
Call number suffix KOH
Holdings
Withdrawn status Lost status Source of classification or shelving scheme Materials specified (bound volume or other part) Damaged status Not for loan Collection code Home library Current library Date acquired Source of acquisition Cost, normal purchase price Total Checkouts Full call number Barcode Date last seen Copy number Cost, replacement price Koha item type Public note
    Dewey Decimal Classification       Non-fiction Central Library Central Library 31/05/2011 Allied Pub/2953/29.3.11/85/24.3.11/31.3.11 495.00   302.23/0954 KOH B-430912 31/05/2011 1 495.00 English Books Legal Case Register (2018)
    Dewey Decimal Classification Pbk   Not For Loan Non-fiction D.B.Act.Division D.B.Act.Division 14/11/2009 DBAD/PUB 495.00   302.23/0954 KOH EN-78853 23/04/2010 1 495.00 English Books  
    Dewey Decimal Classification       Non-fiction Patel Nagar Patel Nagar 31/05/2011 Allied Pub/2953/29.3.11/85/24.3.11/31.3.11 495.00 2 302.23/0954 KOH B-430913 06/08/2024 1 495.00 English Books  
    Dewey Decimal Classification       Non-fiction Sarojini Nagar Sarojini Nagar 31/05/2011 Allied Pub/2953/29.3.11/85/24.3.11/31.3.11 495.00   302.23/0954 KOH B-430914 31/05/2011 1 495.00 English Books  
    Dewey Decimal Classification       Non-fiction Shahdara Branch Shahdara Branch 31/05/2011 Allied Pub/2953/29.3.11/85/24.3.11/31.3.11 495.00   302.23/0954 KOH B-430915 31/05/2011 1 495.00 English Books  

© Delhi Public Library
Hit Counter
free hit counter